000 00734nam a22002537a 4500
008 130909b xxu||||| |||| 00| 0 eng d
020 _a0-19-280047-7
024 _cAvailable
037 _cAvailable
040 _aMBSTU LIBRARY
_dMBSTU LIBRARY
082 _222
_a530.3 ISD
100 _aIsaacs, Alan.
245 _aA Dictionary of physics.
250 _a4th
260 _aNew York
_bOxford University Press.
_c2000
300 _a21 cm.
_b546 page
_f1
_g23 cm.
600 _2Dictionary of physics.
650 _2Dictionary of physics.
700 _aIsaacs, Alan.
270 _aNew York
_bNew York
_dUSA
365 _b300.00
_d300.00
942 _2ddc
_cBK
999 _c656
_d656